000 00262nam a2200097Ia 4500
001 1300856
005 20260420095912.0
008 260420s9999 xx 000 0 und d
245 0 _aİÇİMDEKİ SES
_cGAYE BORALIOĞLU
260 _bGÜNIŞIĞI KİTAPLIĞI YAYINLARI
999 _c1300856
_d1300856